书目信息 |
| 题名: |
臭氧污染与健康
|
|
| 作者: | 宋伟民 主编 | |
| 分册: | ||
| 出版信息: | 武汉 湖北科学技术出版社 2021.2 |
|
| 页数: | 190页 | |
| 开本: | 29cm | |
| 丛书名: | 环境污染与健康研究丛书 | |
| 单 册: | ||
| 中图分类: | X511.031 | |
| 科图分类: | ||
| 主题词: | 臭氧--空气污染--影响--健康 | |
| 电子资源: | ||
| ISBN: | 978-7-5706-0836-2 | |
| 000 | 00971nam0 2200265 45 | |
| 001 | 012001001823 | |
| 005 | 20140912141258.0 | |
| 010 | @a978-7-5706-0836-2@b精装@dCNY98.00 | |
| 100 | @a20210429d2021 em y0chiy50 ea | |
| 101 | 0 | @achi |
| 102 | @aCN@b420000 | |
| 105 | @aa z 000yy | |
| 106 | @ar | |
| 200 | 1 | @a臭氧污染与健康@Achou yang wu ran yu jian kang@b专著@f宋伟民主编 |
| 210 | @a武汉@c湖北科学技术出版社@d2021.2 | |
| 215 | @a190页@c图@d29cm | |
| 225 | 1 | @a环境污染与健康研究丛书@h第二辑@f周宜开主编 |
| 300 | @a“十三五”国家重点出版物出版规划项目 | |
| 330 | @a本书共12章,内容包括:臭氧层破坏及其健康影响;臭氧的形成、监测与暴露;臭氧对健康影响的研究方法;臭氧污染的毒作用研究;臭氧污染的流行病学研究等。 | |
| 461 | 0 | @12001 @a环境污染与健康研究丛书@1701 0@a周宜开主编 |
| 606 | 0 | @a臭氧@x空气污染@x影响@x健康 |
| 690 | @aX511.031@v5 | |
| 701 | 0 | @a宋伟民@Asong wei min@4主编 |
| 801 | 0 | @aCN@bBJSDL@c20211011 |
| 905 | @b1337354-7@dX511.031@e257@f4 | |
| 臭氧污染与健康/宋伟民主编.-武汉:湖北科学技术出版社,2021.2 |
| 190页:图;29cm.-(环境污染与健康研究丛书.第二辑/周宜开主编) |
| “十三五”国家重点出版物出版规划项目 |
| ISBN 978-7-5706-0836-2(精装):CNY98.00 |
| 本书共12章,内容包括:臭氧层破坏及其健康影响;臭氧的形成、监测与暴露;臭氧对健康影响的研究方法;臭氧污染的毒作用研究;臭氧污染的流行病学研究等。 |
| ● |
| 相关链接 |
|
|
|
|
正题名:臭氧污染与健康
索取号:X511.031/257
 
预约/预借
| 序号 | 登录号 | 条形码 | 馆藏地/架位号 | 状态 | 备注 |
| 1 | 1337354 | 213373543 | 第二样本阅览室/ [索取号:X511.031/257] | 在馆 | |
| 2 | 1337355 | 213373552 | 第三借阅区/ [索取号:X511.031/257] | 在馆 | |
| 3 | 1337356 | 213373561 | 第三借阅区/ [索取号:X511.031/257] | 在馆 | |
| 4 | 1337357 | 213373570 | 第三借阅区/ [索取号:X511.031/257] | 在馆 |